000 01210cam a2200253 4500
001 ABS63459
008 000000n2001 000 0 eng u
035 _a(Sirsi) u110700
100 _aBaker, J.
245 _aHow to make sense of urban capacity
260 _c2001
490 _aPlanning (for the Natural and Built Environment)
_v(1402) 19 January 2001, 14-15(2)
520 _aDiscusses the government's advice on urban capacity studies, published as "Tapping the potential: assessing urban housing capacity: towards better practice". Whilst this document is welcomed as a useful review to the principles of carrying out urban capacity studies concern is expressed that there are problems with the guidelines prepared by the DETR. An interpretation of the key points of these guidelines is also given. Copies of "Tapping the potential" are available from the DETR, Tel: 0870 122 6236.
590 _aABS
650 _aDETR
650 _aGOOD PRACTICE
650 _aHOUSING CAPACITY
650 _aHOUSING DENSITY
650 _aHOUSING DEVELOPMENT
650 _aPPG3
650 _aURBAN CAPACITY STUDIES
690 _aENVIRONMENTAL AND LAND CONSULTANCY-PLANNING AND DEVELOPMENT
942 _n0
999 _c65972
_d65972